000 00555 a2200169 4500
999 _c5487
_d5487
010 _aENG-86923
020 _a8175642874
_c300.00
035 _aEN-70456
037 _bDBAD / PUB
082 1 4 _a920
100 1 _aFeroz Alam
245 1 _aGreat Indian personalities :
_cby Feroz Alam
_bthe world's great also /
260 _aDelhi
_bSahni Publications
_c2006
270 _a4777, Mitra Gali, Roshanara Road,
_bDelhi
_e110 007
_k23822006, 23820751
_msahni@sahnipublication.com
300 _a387 p
_c22 cm (Hb)
942 _adpl
_cEN
_2ddc
_h920
_mFER